Evolución histórica de la Literatura Universal
Đã lưu trong:
| Tác giả chính: | |
|---|---|
| Định dạng: | Sách |
| Ngôn ngữ: | Undetermined |
| Được phát hành: |
México, Distrito Federal
Ediciones Fuente Cultural
1941
|
| Những chủ đề: | |
| Các nhãn: |
Thêm thẻ
Không có thẻ, Là người đầu tiên thẻ bản ghi này!
|
MARC
| LEADER | 00000nam a2200000Ia 4500 | ||
|---|---|---|---|
| 008 | 170316s9999 xx 000 0 und d | ||
| 090 | |a 801 V-10e | ||
| 100 | |a Vela, Arqueles | ||
| 245 | |a Evolución histórica de la Literatura Universal | ||
| 260 | |a México, Distrito Federal | ||
| 260 | |b Ediciones Fuente Cultural | ||
| 260 | |c 1941 | ||
| 300 | |a 456 páginas | ||
| 650 | |a LITERATURA LATINOAMERICANA | ||
| 650 | |a LITERATURAS PRIMITIVAS | ||
| 650 | |a LITERATURA DE LA ÉPOCAS FEUDALES | ||
| 650 | |a LITERATURA HINDÚ | ||
| 650 | |a LITERATURA GRIEGA | ||
| 650 | |a LITERATURA LATINA | ||
| 650 | |a LITERATURA - SOCIEDAD FEUDAL EN BURGUESA | ||
| 650 | |a EL RENACIMIENTO | ||
| 650 | |a LITERATURA DE LA ÉPOCA MERCANTILISTA | ||
| 650 | |a LITERATURAS ROCOCOS Y NEOCLÁSICAS | ||
| 650 | |a LITERATURAS DE LA ÉPOCA DELINDUSTRIALISMO | ||
| 650 | |a LITERATURA FASCISTA | ||
| 650 | |a LITERATURAS DE LAS ÉPOCAS REVOLUCIÓNARIAS | ||
| 999 | |c 20722 |d 20722 | ||
| 040 | |a cru BVZT | ||
| 942 | |c 15 D |h 801 V-10e |2 z | ||
